| 000 | 00539nam a22001577a 4500 | ||
|---|---|---|---|
| 003 | OSt | ||
| 005 | 20151130150248.0 | ||
| 008 | 151130b xxu||||| |||| 00| 0 eng d | ||
| 040 | _cRUA | ||
| 082 | _aFIS PHA 1996 B163 Or.1 | ||
| 100 |
_94035 _aPHANN, SOTHEA. |
||
| 245 | _aThe development on aquaculuture in pusat province, ការអភិវឌ្ឍន៏វារីវប្បកម្ម ក្នុងខេត្តពោធិសាត់ | ||
| 260 |
_aPhnom Penh _bRUA _c1996 |
||
| 300 |
_a73p. _bill. _c29cm. |
||
| 942 |
_2ddc _cFIS |
||
| 999 |
_c3754 _d3754 |
||